[Event "Cutro op-B 15th"]
[Site "Cutro"]
[Date "2009.04.26"]
[Round "7"]
[White "Soluri, Francesco"]
[Black "Camposano, Agrifino"]
[Result "1-0"]
[WhiteElo "1500"]
[BlackElo "1359"]
[PlyCount "143"]
[EventDate "2009.04.20"]
[EventType "swiss"]
[EventRounds "7"]
[EventCountry "ITA"]
[SourceTitle "EXT 2011"]
[Source "ChessBase"]
[SourceDate "2010.11.26"]
[SourceVersion "1"]
[SourceVersionDate "2010.11.26"]
[SourceQuality "1"]

1. d4 e6 2. e4 h6 3. Nf3 c6 4. Bd3 d6 5. Be3 Qa5+ 6. c3 Qb6 7. Qc2 Qc7 8. Nbd2 a6 9. e5 d5 10. 0-0 c5 11. dxc5 Bxc5 12. Bxc5 Qxc5 13. Nb3 Qc7 14. Rfe1 Nd7 15. Re2 Nc5 16. Nxc5 Qxc5 17. b4 Qc7 18. c4 Ne7 19. c5 Bd7 20. a4 Nc8 21. Nd4 Na7 22. Qb2 0-0 23. f4 Nc6 24. Nxc6 Qxc6 25. Rc2 Qc7 26. b5 Rfb8 27. b6 Qd8 28. Rf2 Qf8 29. Qc2 Rc8 30. Rc1 Rc6 31. Qc3 Rac8 32. Rfc2 Rxc5 33. Qd2 Bxa4 34. Rxc5 Rxc5 35. h3 Qc8 36. Rxc5 Qxc5+ 37. Kh2 Qxb6 38. Qc1 Qc6 39. Qa3 Qe8 40. Qb4 Bc6 41. h4 Qf8 42. Bh7+ Kxh7 43. Qxf8 Kg6 44. g4 d4 45. Kg3 d3 46. h5+ Kh7 47. Qd6 Bb5 48. Kf2 a5 49. Ke1 a4 50. Kd2 Ba6 51. Qb4 g6 52. hxg6+ Kxg6 53. Qxa4 h5 54. Qe4+ Kh6 55. g5+ Kg7 56. f5 exf5 57. Qxf5 Bc4 58. Qf6+ Kg8 59. Qh6 b5 60. Qxh5 Kg7 61. Qh6+ Kg8 62. g6 fxg6 63. Qxg6+ Kf8 64. e6 Ke7 65. Qf7+ Kd6 66. Qd7+ Kc5 67. e7 Bf7 68. Kxd3 Bc4+ 69. Kc3 Bf7 70. e8Q Bxe8 71. Qxe8 b4+ 72. Kb3 1-0

[Event "Cutro op-B 15th"]
[Site "Cutro"]
[Date "2009.04.23"]
[Round "4"]
[White "Catapano, Francesco"]
[Black "Camposano, Agrifino"]
[Result "1-0"]
[WhiteElo "1772"]
[BlackElo "1359"]
[PlyCount "41"]
[EventDate "2009.04.20"]
[EventType "swiss"]
[EventRounds "7"]
[EventCountry "ITA"]
[SourceTitle "EXT 2011"]
[Source "ChessBase"]
[SourceDate "2010.11.26"]
[SourceVersion "1"]
[SourceVersionDate "2010.11.26"]
[SourceQuality "1"]

1. Nf3 b6 2. g3 Bb7 3. Bg2 g6 4. 0-0 Bg7 5. d3 d6 6. e4 e6 7. Nbd2 Nf6 8. Qe2 Nbd7 9. c3 Ba6 10. e5 Nc5 11. exf6 Bxd3 12. fxg7 Rg8 13. Qe3 Bxf1 14. Nxf1 Rxg7 15. Qd4 Rg8 16. Bg5 Qc8 17. Qf6 Qd7 18. Ne5 dxe5 19. Bxa8 Qd6 20. Rd1 Nd7 21. Qd8# 1-0

[Event "Cutro op-B 14th"]
[Site "Cutro"]
[Date "2008.04.30"]
[Round "6"]
[White "Olivo, Ilaria"]
[Black "Camposano, Agrifino"]
[Result "1-0"]
[WhiteElo "1500"]
[BlackElo "1302"]
[PlyCount "59"]
[EventDate "2008.04.25"]
[EventType "swiss"]
[EventRounds "7"]
[EventCountry "ITA"]
[SourceTitle "EXT 2009"]
[Source "ChessBase"]
[SourceDate "2008.11.26"]
[SourceVersion "1"]
[SourceVersionDate "2008.11.26"]
[SourceQuality "1"]

1. e4 e5 2. Nf3 d6 3. h3 Be7 4. c3 Nd7 5. d4 Ngf6 6. Nbd2 0-0 7. Bc4 a6 8. 0-0 h6 9. Re1 Re8 10. Nf1 b6 11. Ng3 Nh7 12. Bd2 Bg5 13. Bxg5 Nxg5 14. b4 Nxf3+ 15. Qxf3 Qf6 16. Qe2 g6 17. Rad1 b5 18. Bd5 Rb8 19. Qe3 Kg7 20. Qe2 Nb6 21. Bb3 Be6 22. Bxe6 Qxe6 23. d5 Qd7 24. Rf1 Na4 25. Rd3 f6 26. f4 exf4 27. Rxf4 Re5 28. Qf2 Rf8 29. Rdf3 Qe7 30. Rxf6 1-0

[Event "Cutro op-B 13th"]
[Site "Cutro"]
[Date "2007.04.28"]
[Round "6"]
[White "Camposano, Agrifino"]
[Black "Gualtieri, Domenico"]
[Result "1-0"]
[WhiteElo "1350"]
[BlackElo "1440"]
[PlyCount "127"]
[EventDate "2007.04.23"]
[EventType "swiss"]
[EventRounds "9"]
[EventCountry "ITA"]
[SourceTitle "EXT 2008"]
[Source "ChessBase"]
[SourceDate "2007.11.25"]
[SourceVersion "1"]
[SourceVersionDate "2007.11.25"]
[SourceQuality "1"]

1. d4 Nf6 2. Bg5 d5 3. Bxf6 exf6 4. g3 c6 5. Bg2 g6 6. Nf3 Bh6 7. 0-0 0-0 8. Nbd2 Bg4 9. Ne1 Re8 10. Bf3 Bxf3 11. Ndxf3 Nd7 12. e3 f5 13. Nd3 Qe7 14. Nfe5 Nxe5 15. Nxe5 f6 16. Nd3 a6 17. f4 g5 18. Re1 gxf4 19. exf4 Qf8 20. Qh5 b5 21. Rxe8 Rxe8 22. Qxf5 a5 23. Qd7 Qe7 24. Qxc6 Qe3+ 25. Kg2 Qe4+ 26. Kh3 Qf5+ 27. g4 Re3+ 28. Kh4 Bg5+ 29. Kh5 Qe6 30. Qxe6+ Rxe6 31. Re1 Rxe1 32. Nxe1 Bxf4 33. h4 Kg7 34. g5 h6 35. gxh6+ Bxh6 36. c3 b4 37. cxb4 axb4 38. Nc2 Bd2 39. Kg4 Kf7 40. Kf5 Ke7 41. Kg6 Ke6 42. h5 f5 43. h6 Bxh6 44. Kxh6 f4 45. Kg5 f3 46. Ne3 f2 47. Kf4 Kf6 48. Kf3 Ke6 49. Kxf2 Kd6 50. Nc2 Kc6 51. Nxb4+ Kb5 52. Nxd5 Kc4 53. a4 Kxd5 54. Ke3 Kc4 55. Ke4 Kb4 56. d5 Kxa4 57. d6 Kb5 58. d7 Kb4 59. d8Q Kb3 60. Qc8 Kxb2 61. Kd3 Ka3 62. Qb8 Ka4 63. Kc4 Ka5 64. Qb5# 1-0

[Event "Cutro op-B 12th"]
[Site "Cutro"]
[Date "2006.04.26"]
[Round "4"]
[White "Policastrese, Salvatore"]
[Black "Camposano, Agrifino"]
[Result "0-1"]
[WhiteElo "1440"]
[BlackElo "1389"]
[PlyCount "46"]
[EventDate "2006.04.23"]
[EventType "swiss"]
[EventRounds "9"]
[EventCountry "ITA"]
[SourceTitle "EXT 2007"]
[Source "ChessBase"]
[SourceDate "2006.11.23"]
[SourceVersion "1"]
[SourceVersionDate "2006.11.23"]
[SourceQuality "1"]

1. e4 e5 2. Nf3 d6 3. Bc4 Bg4 4. h3 Bxf3 5. Qxf3 Nf6 6. Nc3 Be7 7. d3 0-0 8. Qg3 Nh5 9. Qg4 Nf6 10. Qg3 Nh5 11. Qf3 Nf4 12. Bxf4 exf4 13. Qxf4 Bg5 14. Qf3 Qf6 15. Qxf6 Bxf6 16. Nd5 Na6 17. Nxf6+ gxf6 18. Bxa6 bxa6 19. 0-0 Rfe8 20. Rfe1 Re5 21. d4 Rg5 22. g4 h5 23. f3 Re8 0-1

[Event "Cutro op-B 11th"]
[Site "Cutro"]
[Date "2005.04.26"]
[Round "3"]
[White "Camposano, Agrifino"]
[Black "Camposano, Francesco"]
[Result "0-1"]
[WhiteElo "1425"]
[BlackElo "1455"]
[PlyCount "46"]
[EventDate "2005.04.23"]
[EventType "swiss"]
[EventRounds "5"]
[EventCountry "ITA"]
[SourceTitle "CBM 106 Extra"]
[Source "ChessBase"]
[SourceDate "2005.07.01"]
[SourceVersion "1"]
[SourceVersionDate "2005.07.01"]
[SourceQuality "1"]

1. d4 d5 2. c4 dxc4 3. Na3 Qd5 4. g3 Qxh1 5. f3 Qxg1 6. h3 Qxg3+ 7. Kd2 Bxh3 8. Nxc4 Bxf1 9. Qxf1 g6 10. b3 Bh6+ 11. Kd3 Bxc1 12. Rxc1 Nc6 13. d5 Ne5+ 14. Ke3 Nf6 15. Na5 Nxd5+ 16. Kd4 e6 17. Nxb7 Rb8 18. Nc5 Rb4+ 19. Rc4 Rxc4+ 20. bxc4 Nb6 21. Qb1 Qf2+ 22. e3 Nexc4 23. a4 Qxe3# 0-1